| 000 | nam a22 7a 4500 | ||
|---|---|---|---|
| 999 |
_c22412 _d22412 |
||
| 008 | 170124b xxu||||| |||| 00| 0 eng d | ||
| 020 | _a9781119134114 | ||
| 050 | _aGE 70 .H37 2011 | ||
| 100 |
_aHassenzahl, David M. _d2011 |
||
| 245 |
_aVisualizing environmental science/ _cDavid M. Hassenzahl, Mary Catherine Hager, Linda R. Hager. |
||
| 250 | _a4th ed. | ||
| 260 |
_aUSA: _bJohn wiley & sons, _c2011. |
||
| 300 |
_axxxiii, 492p.: _bill.; _c28cm. |
||
| 521 | _aIncludes bibliographical references and index. | ||
| 650 | _aEnvironmental science. | ||
| 700 | _aHager, Mary Catherine. | ||
| 700 | _aBerg, Linda R. | ||
| 942 |
_2lcc _cBOOKS _hGE 70 .H37 2011 |
||